| 000 | 00774nam a2200229 i 4500 | ||
|---|---|---|---|
| 001 | 154445 | ||
| 003 | ES-MaACL | ||
| 005 | 20250811063147.0 | ||
| 008 | 960925s1883 sp |||| | spa d | ||
| 040 |
_aCYL _bspa _cCYL |
||
| 100 | 1 |
_aGómez Salazar, Francisco, _d1827-1906 _9127703 |
|
| 245 | 1 | 0 |
_aInstituciones de derecho canonico / _cpor Francisco Gomez Salazar. |
| 250 | _a2ª ed. corr. y aum. | ||
| 260 |
_aMadrid : _b[s.n.], _c1883 ( _fImprenta de Alejandro Gómez Fuentenebro) |
||
| 300 |
_av. ; _c22 cm. |
||
| 504 | _aReferencias bibliográficas. | ||
| 505 | 8 | _aIncluye apéndices | |
| 597 | 1 | _aT.I. 504 p. -- T.II. 496 p. | |
| 650 | 0 | 7 |
_aDerecho canónico _2embne _911655 |
| 852 |
_aES-MaACL _jG-14242-44 _z-- Enc. hol. |
||
| 999 |
_c154445 _d154445 |
||